| 000 | 00571nam a2200157 i 4500 | ||
|---|---|---|---|
| 001 | 79505 | ||
| 003 | ES-MaACL | ||
| 005 | 20230906174006.0 | ||
| 007 | t| | ||
| 008 | 041021s1961 sp ||||1| spa d | ||
| 100 | 1 |
_aHernández-Rubío Cisneros, José María. _963043 |
|
| 245 | 1 | 0 |
_aConceptos políticos fundamentales _b: primer curso de formación política en las Universidades y centros de Enseñanza Superior / _cJosé María Hernández-Rubío Cisneros. |
| 260 |
_aBarcelona : _bBosch, _c[1961] |
||
| 300 |
_a275 p. ; _c24 cm. |
||
| 852 |
_aES-MaACL _jC-21267 _bR.49641 |
||
| 999 |
_c79505 _d79505 |
||